Allgemeinwissen-Geographie - Statistiken

Allgemein
  • Dieses Quiz wurde 337 mal gespielt
  • Das Durchschnittsergebnis liegt bei 9 aus 19
Antwortstatistiken
Frage Antwort % Korrekt
Was ist das kleinste Land der Welt? Vatikanstadt
86%
Welcher der vier Teile des Vereinigten Königreichs ist der Größte? England
78%
Welche 2 Länder haben die längste Grenze zueinander? Kanada
76%
Welche 2 Länder haben die längste Grenze zueinander? Vereinigte Staaten
76%
Wie viel Prozent der Erdoberfläche sind in etwa von Wasser bedeckt? 70%
72%
Was ist die bevölkerungsreichste Stadt der Welt? Tokio
68%
In welchem Gebirge befindet sich der höchste Berg der Erde? Himalaya
65%
Wie heißt die Inselgruppe, zu der u.a. Mallorca, Menorca und Ibiza gehören? Balearen
59%
Wie heißen die drei Hauptstädte Südafrikas? {Kapstadt} (Parlament)
56%
In welcher Klimazone liegt Deutschland? Gemäßigte Klimazone
46%
Wie wird der Huang He im Deutschen genannt? {Gelber} Fluss
41%
Wie hieß der Urkontinent, der alle Landmassen der Erde umfasste, bevor dieser in die einzelnen Kontinente zerbrach? Pangäa
41%
Wie heißt Irland in der Landessprache (neben Englisch)? Éire
39%
Wie heißen die drei Hauptstädte Südafrikas? {Pretoria} (Regierung)
38%
Was ist der Name des Vulkangürtels rund um den Stillen Ozean? Pazifischer {Feuerring}
31%
Wie heißen die drei Hauptstädte Südafrikas? {Bloemfontein} (Oberstes Berufungsgericht)
18%
Welche Schicht der Atmosphäre ist der Erdoberfläche am Nächsten? Troposphäre
18%
Wie heißt die Hauptstadt des US-Bundestaates New York? Albany
16%
Was ist der südlichste Punkt Südamerikas? Kap Hoorn
16%
Keine übereinstimmenden Quizze gefunden
Verteilung der Resultate
Anzahl Personen mit jedem Resultat
Perzentil nach korrekt beantworteten Fragen
Ihre Resultats-Entwicklung
Sie haben dieses Quiz noch nicht gespielt